1216 1884 1141 1744 1933 1121 1455 1729 1393 1844 1553 1701 1557 1642 1803 1051 1616 1811 1749 1466 1661 1569 1947 1100 1733 1496 1401 1722 1311 1933 1776 1133 1919 1149 1498 1348 1203 1274 1215 1489 1319 1233 1181 1679 1318 1607 1595 1487 1684 1180 1252 1341 1446 1605 1991 1610 1079 1029 1799 1753 1319 1212 1100 1427 1335 1968 1135 1043 1924 1244 1743 1223 1698 1081 1961 1614 1194 1194 1525 1079 1227 1448 1355 1945 1140 1193 1042 1705 1669 1236 1621 1910 1675 1109 1725 1060 1235 1315 2000 BCNSPRNW ULIB Ver.6.0+V

เปลี่ยนเป็นภาษาไทย

Change to English
 แสดงรายละเอียดบรรณานุกรม
  กลับหน้าหลัก

Brief Record : Get Marc (ISO 2709) : E-mail record : QR code < ปิดหน้าต่าง
LEADER : 00000nam 2200000uu 4500
001    13399127664
003     ULIB
008    210317s2563||||th 000 0 tha d
020    ^a9786160449323
060 04 ^aWC501^bย127ส
100 0  ^aยงยุทธ วงศ์ภิรมย์ศานติ์
245 10 ^aสร้างสติ รักษาจิต สู้ COVID-19 /^cยงยุทธ วงศ์ภิรมย์ศานติ์
250    ^aพิมพ์ครั้งที่ 1
260    ^aกรุงเทพฯ :^bนานมีบุ๊คส์,^c2563
300    ^a119 หน้า ;^c19 ซม.
650  0 ^aCOVID-19 (Disease)
650  0 ^aCoronaviruses
650  0 ^aCoronavirus infections
650  4 ^aการติดเชื้อไวรัสโคโรนา
650  4 ^aโควิด-19 (โรค)
650  4 ^aไวรัสโคโรนา
945    ^p145^l0^i28749
945    ^p145^l0^i28750
945    ^p145^l0^i28751
945    ^p145^l0^i28752
945    ^p145^l0^i28753
999    ^aกัณชพร จุลอักษร
รายการนี้ยังไม่มีแท็ก
คุณยังไม่ได้ล็อกอิน คุณสามารถมีกิจกรรมร่วมกับเว็บไซต์ได้ แต่ต้องล็อกอินก่อน ::
  ล็อกอิน

รายการสื่อสารสนเทศ

ลำดับที่ ประเภท เลขเรียก/บาร์โค้ด สถานที่ สถานะ
1. หนังสือสำรอง
หนังสือสำรอง
WC501 ย127ส ฉ.1 
  Barcode: 28749
ห้องสมุดวิทยาเขตนครสวรรค์
►หนังสือทั่วไป:l:General Books
บนชั้น
2. วิทยาศาสตร์การแพทย์ และสุขภาพ
วิทยาศาสตร์การแพทย์ และสุขภาพ
WC501 ย127ส ฉ.2 
  Barcode: 28750
ห้องสมุดวิทยาเขตนครสวรรค์
►หนังสือทั่วไป:l:General Books
บนชั้น
3. วิทยาศาสตร์การแพทย์ และสุขภาพ
วิทยาศาสตร์การแพทย์ และสุขภาพ
WC501 ย127ส ฉ.3 
  Barcode: 28751
ห้องสมุดวิทยาเขตนครสวรรค์
►หนังสือทั่วไป:l:General Books
บนชั้น
4. วิทยาศาสตร์การแพทย์ และสุขภาพ
วิทยาศาสตร์การแพทย์ และสุขภาพ
WC501 ย127ส ฉ.4 
  Barcode: 28752
ห้องสมุดวิทยาเขตนครสวรรค์
►หนังสือทั่วไป:l:General Books
บนชั้น
5. วิทยาศาสตร์การแพทย์ และสุขภาพ
วิทยาศาสตร์การแพทย์ และสุขภาพ
WC501 ย127ส ฉ.5 
  Barcode: 28753
ห้องสมุดวิทยาเขตนครสวรรค์
►หนังสือทั่วไป:l:General Books
บนชั้น

รายการใกล้เคียง
    ผู้แต่ง [ยงยุทธ วงศ์ภิรมย์ศานติ์]

    หัวเรื่อง [COVID-19 (Disease)]
    หัวเรื่อง [Coronaviruses]
    หัวเรื่อง [Coronavirus infections]
    หัวเรื่อง [การติดเชื้อไวรัสโคโรนา]
    หัวเรื่อง [โควิด-19 (โรค)]
    หัวเรื่อง [ไวรัสโคโรนา]

BibComment


ยังไม่เคยถูกคอมเมนท์

คอมเมนท์ทรัพยากรรายการนี้
  คอมเมนท์: สร้างสติ รักษาจิ..


 Copyright 2026. Bcnsprnw @Library